| 000 | 01145njm a22003017a 4500 | ||
|---|---|---|---|
| 005 | 20100918120820.0 | ||
| 007 | sd ammalaaahaa | ||
| 008 | 100918t xxu||||| |||| 00| 0 hin d | ||
| 028 |
_aSHFLP--1/1319 _bSuper ; T- Series |
||
| 035 | _aGR-04497 | ||
| 040 | _aSED/VEN | ||
| 100 | _920657 | ||
| 245 |
_aGanga jamuna saraswati / _h[sound recording] : _cLyrics by Prayaag Raj ; music by Annu Malik |
||
| 246 | _aगंगा जमुना सरस्वती | ||
| 260 |
_aDum Dum India _bSuper ; T-Series _c1988 |
||
| 300 |
_a1 sound disc [Gramophone record] : _banalog, 331/3 rpm _c12 in (LP) _fGramophone Record |
||
| 500 | _aBrief Record | ||
| 500 | _aSuper ; T-Series | ||
| 500 | _aRed | ||
| 500 | _aLong Play | ||
| 505 | _aEk ek ho jaye part 1 (Ganga jamuna saraswati) (Kishore Kumar) Ganga jamuna saraswati part 2(Ganga jamuna saraswati) (Suresh Wadikar) | ||
| 650 |
_vFilmi Song _xExcerpts _zIndia _920658 _aClassical Music |
||
| 700 |
_920659 _aPrayag Raj |
||
| 700 |
_920660 _aMalik, Annu |
||
| 700 | _920674 | ||
| 942 |
_2ddc _cGR |
||
| 999 |
_c47244 _d47244 |
||